An evaluation of the factors affecting the use of Internet Banking: A case study of Indo Zambia Bank Kitwe branch (Record no. 42707)

MARC details
000 -LEADER
fixed length control field 00664nam a2200157 a 4500
008 - FIXED-LENGTH DATA ELEMENTS--GENERAL INFORMATION
fixed length control field 220228s2018 ||||||||||||||||| || u
050 ## - LIBRARY OF CONGRESS CALL NUMBER
Classification number CBU-PG THESIS/MWI
100 ## - MAIN ENTRY--PERSONAL NAME
Personal name Mwiinga Moonga
245 13 - TITLE STATEMENT
Title An evaluation of the factors affecting the use of Internet Banking: A case study of Indo Zambia Bank Kitwe branch
Statement of responsibility, etc. By Moonga Mwiinga
260 ## - PUBLICATION, DISTRIBUTION, ETC.
Place of publication, distribution, etc. Kitwe
Name of publisher, distributor, etc. Copperbelt University
Date of publication, distribution, etc. 2018
300 ## - PHYSICAL DESCRIPTION
Extent xi,90 Pages : illustrations
650 ## - SUBJECT ADDED ENTRY--TOPICAL TERM
Topical term or geographic name entry element BANKING
650 ## - SUBJECT ADDED ENTRY--TOPICAL TERM
Topical term or geographic name entry element BANKS AND BANKING
650 ## - SUBJECT ADDED ENTRY--TOPICAL TERM
Topical term or geographic name entry element ELECTRONIC FUNDS TRANSFERS
995 ## - RECOMMENDATION 995 [LOCAL, UNIMARC FRANCE]
-- CBU-MAIN LIBRARY (Kitwe)
-- 1
-- AVAILABLE
-- May 6, 2022
-- University Collection
Holdings
Withdrawn status Lost status Source of classification or shelving scheme Damaged status Not for loan Home library Current library Shelving location Date acquired Total Checkouts Full call number Barcode Date last seen Price effective from Koha item type
          CBU-MAIN LIBRARY, KITWE. CBU-MAIN LIBRARY, KITWE.   11/30/2022   CBU-PG THESIS/MWI B4690 11/30/2022 11/30/2022 MONOGRAPH